LEADER 01216nam a2200253 i 4500 001 000000172910 003 CaOOAMICUS 005 20081204000000.0 008 081204s1973 it u000 u ita u 013 $a150360 040 $aSeMil$bita 245 10$aPiano pastorale per le vocazioni in Italia :$blinee programmatiche approvate dalla Commissione Episcopale Italiana per l'educazione cattolica. 260 $aRoma :$bCentro Nazionale Vocazioni,$c1973. 300 $a70 p. ;$c21 cm. 490 0 $aVocazioni-Documenti ;$v2 500 $aIn testa al front.: Centro nazionale vocazioni. - Dono del card. Giovanni Colombo. 650 4$aVocazione - Pastorale.$0(OLS)http://semarc/subject/17348 830 0$aVocazioni-Documenti ;$v2.$0(OLS)http://semarc/title/26935 850 $aSeMil 852 $aSeMil$W1$xVenegono$y1$m3G V 139$j123761$B123761$CSeMilBibl$Z2$F140969 $81 941 1 $a3 961 $aLascito: Colombo Card. Giovanni 996 $6245$aPiano pastorale per le vocazioni in Italia :$blinee programmatiche approvate dalla Commissione Episcopale Italiana per l'educazione cattolica$9(OLS)http://semarc/title/247727 996 $6260$aRoma :$bCentro Nazionale Vocazioni$9(OLS)http://semarc/publisher/33338 LEADER 01024nam a2200241 i 4500 001 000000062846 003 CaOOAMICUS 005 20130329000000.0 008 130329s1967 xx u000 u fre u 013 $a34018 040 $aSeMil$bita 100 1 $aDhôtel, Jean-Claude,$c.$0(OLS)http://semarc/name/31789 245 14$aLes origines du Catéchisme moderne d'après les premiers manuels imprimés en France /$cJean-Claude Dhotel. 260 $aParis :$bAubier,$ccopyr. 1967. 300 $a471 p. ;$c23 cm. 490 0 $aThéologie ;$v71 500 $aContiene : Bibliographie. 650 4$aCatechesi - Storia.$0(OLS)http://semarc/subject/6302 830 0$aThéologie ;$v71.$0(OLS)http://semarc/title/426 850 $aSeMil 852 $aSeMil$W1$xVenegono$y1$m2M II 124$j28999$B28999$CSeMilBibl$Z2$F29002 $81 996 $6245$aLes origines du Catéchisme moderne d'après les premiers manuels imprimés en France$9(OLS)http://semarc/title/99012 996 $6260$aParis :$bAubier$9(OLS)http://semarc/publisher/30108